Introduction to Statistical Learning

Guardat en:
Dades bibliogràfiques
Autor principal: Gareth James
Format: Llibre
Publicat: Springer
Matèries:
Etiquetes: Afegir etiqueta
Sense etiquetes, Sigues el primer a etiquetar aquest registre!

MARC

LEADER 00000nam a2200000Ia 4500
005 20260427112714.0
526 |b Data Science 
100 |a Gareth James 
020 |a 9781071614204 
650 |a Statistics 
526 |a Bachelors 
942 |c BK 
245 |a Introduction to Statistical Learning 
260 |b Springer 
999 |c 89  |d 89 
952 |0 0  |1 0  |4 0  |7 0  |8 2  |a BRISTOL  |b BRISTOL  |d 2026-04-22  |l 0  |p 000040  |r 2026-04-27 11:27:14  |w 2026-04-27  |y BK